Statistics for Internazionale Milan Squad 2019

Click here to take the quiz!

General Stats

  • This quiz has been taken 84 times
  • The average score is 19 of 25

Answer Stats

RuoloGiocatoreNazionalità% Correct
STLautaro MartinezArgentina
96%
STRomelu LukakuBelgio
96%
GKSamir HandanovicSlovenia
96%
CMMarcelo BrozovicCroazia
91%
CBMilan SkriniarSlovacchia
91%
LWAlexis SanchezChile
89%
LBKwadwo AsamoahGhana
89%
CBStefan de VrijOlanda
89%
CBDiego GodínUruguay
87%
CMMatías VecinoUruguay
83%
CMNicolò BarellaItalia
83%
CMBorja ValeroEspagna
75%
RWAntonio CandrevaItalia
73%
RB/LBDanilo D'AmbrosioItalia
72%
CMStefano SensiItalia
68%
CBAndrea RanocchiaItalia
67%
RB/RMValentino LazaroAustria
67%
STSebastiano EspositoItalia
65%
CBAlessandro BastoniItalia
63%
GKDaniele PadelliItalia
63%
CMRoberto GagliardiniItalia
63%
GKTommaso BerniItalia
59%
RWMatteo PolitanoItalia
53%
LBCristiano BiraghiItalia
48%
LBFederico DimarcoItalia
37%

Score Distribution

Percentile by Number Answered

Percent of People with Each Score

Your Score History

You have not taken this quiz